| Поле | Инд. | ПП | Название | Значение |
|---|---|---|---|---|
| Тип записи | a | |||
| Библиографический уровень | m | |||
| 001 | _ | Контрольный номер | RU-LAN-BOOK-302261 | |
| 005 | Дата корректировки | 20250915104047.4 | ||
| 008 | Кодируемые данные | 230130s2023 RU y f j 000 1 rus u | ||
| 020 | a | ISBN | 978-5-507-46181-3 | |
| 040 | c | Служба, преобразующая запись | Издательство Лань | |
| 041 | a | Код языка текста | rus | |
| 044 | a | Код страны публикации | RU | |
| 080 | a | Индекс УДК | 630 | |
| 084 | 2 | Источник индекса | rubbk | |
| a | Индекс другой классификации/Индекс ББК | 43 | ||
| 100 | 1_ | a | Автор | Тихонов А. С. |
| 245 | a | Заглавие | Лесоводство | |
| b | Продолж. заглавия | учебник для вузов | ||
| h | Физич. носитель | Электронный ресурс | ||
| c | Ответственность | Тихонов А. С.,Ковязин В. Ф.; Тихонов А. С. | ||
| 250 | a | Основные сведения об издании | 4-е изд., стер. | |
| 260 | a | Место издания | Санкт-Петербург | |
| b | Издательство | Лань | ||
| c | Дата издания | 2023 | ||
| d | Санкт-Петербург | |||
| 300 | a | Объем | 480 с. | |
| 500 | a | Примечание | Рекомендовано УМО по образованию в области лесного дела в качестве учебника для студентов вузов по направлениям «Лесное дело» и «Землеустройство и кадастры» | |
| 520 | a | Аннотация | В учебнике излагается теория и практика рубок главного пользования, рубок ухода, комплексных рубок, сообщаются сведения о других мероприятиях по уходу за лесом, пути комплексного использования свойств леса, решение проблемы продуктивности и устойчивости леса. Отражены официальные документы, последние достижения науки и передового опыта в нашей стране и за рубежом. Предназначается для студентов высших учебных заведений направлений «Лесное дело» и «Землеустройство и кадастры». | |
| 521 | a | Примеч. о целев. назн. | Книга из коллекции Лань - Лесное хозяйство и лесоинженерное дело | |
| 653 | a | Ключевые слова | лесоводство | |
| 653 | a | Ключевые слова | рубки леса | |
| 653 | a | Ключевые слова | уход за лесом | |
| 653 | a | Ключевые слова | использование леса | |
| 700 | 1_ | a | Другие авторы | Ковязин В. Ф. |
| 852 | x | Примечание, не предназначенное для пользователя | e.lan2023 | |
| 856 | 4_ | u | URL | https://e.lanbook.com/book/302261 |
| z | Примечание для пользователя | Участвует в КО | ||
| 856 | 41 | u | URL | https://e.lanbook.com/img/cover/book/302261.jpg |